Daň z energií a jej dopad na konkurencieschopnosť SR dizertačná práca

Guardado en:
Detalles Bibliográficos
Autor principal: Darmo, Martin
Autor Corporativo: Národohospodárska fakulta EU. Katedra financií
Otros Autores: Ochotnický, Pavol
Formato: Libro
Lenguaje:eslovaco
Publicado: Bratislava 2012
Materias:
Etiquetas: Agregar Etiqueta
Sin Etiquetas, Sea el primero en etiquetar este registro!

MARC

LEADER 00000nbm a2200000 4500
001 0160189
005 20240502072759.6
041 0 |a slo 
044 |a SK 
245 1 0 |a Daň z energií a jej dopad na konkurencieschopnosť SR  |b dizertačná práca  |c Martin Darmo ; školiteľ: Pavol Ochotnický 
264 1 |a Bratislava  |c 2012 
300 |a 120 s. 
610 2 0 |a dane 
610 2 0 |a energia 
610 2 0 |a konkurencieschopnosť 
610 2 0 |a Slovensko 
610 2 0 |a Európska únia 
100 1 |a Darmo, Martin 
700 1 |a Ochotnický, Pavol 
710 2 |a Národohospodárska fakulta EU. Katedra financií